Expressions latines en Droit. - Statistiques

Statistiques générales
  • Ce quiz a été pris 47 fois
  • Le résultat moyen est 4 sur 20
Statistiques - réponses
Signification Expression % Correct
La loi est dure, mais c'est la loi {Dura} {lex}, {sed} {lex}
87%
Contre la loi {Contra} {legem}
35%
Usage, jouissance et disposition {Usus}, {fructus}, {abusus}
32%
Pas deux fois pour la même chose {Non} {bis} {in} {idem}
29%
À l'égard de tous {Erga} {omnes}
23%
En appréciant les faits de l'espèce {In} {concreto}
23%
Pas de crime, pas de peine sans loi {Nullum} {crimen}, {nulla} {poena} {sine} {lege}
23%
Dès le début {Ab} {initio}
19%
Entre les parties {Inter} {partes}
19%
Volonté de participer à la société {Affectio} {societatis}
16%
En considération de la personne {Intuitu} {personae}
13%
La fraude corrompt tout {Fraus} {omnia} {corrumpit}
10%
La mère est toujours certaine {Mater} {semper} {certa} {est}
10%
Nul n’est censé ignorer la loi {Nemo} {censetur} {ignorare} {legem}
10%
Nul ne peut transférer plus de droits qu'il n'en a lui-même {Nemo} {plus} {iuris} {ad} {alium} {transferre} {potest} {quam} {ipse} {habet}
10%
Acte coupable {Actus} {reus}
6%
La loi postérieure déroge à la loi antérieure {Lex} {posterior} {derogat} {priori}
6%
Esprit coupable {Mens} {rea}
6%
Les conventions doivent être respectées {Pacta} {sunt} {servanda}
6%
Selon la loi {Secundum} {legem}
3%
Aucun quiz correspondant
Distribution des résultats
% des personnes avec chaque résultat
Percentile par nombre de réponses
Votre historique - résultats
Vous n’avez pas pris ce quiz